Civil and Environmental Systems Engineering / (Record no. 2256)
[ view plain ]
| 000 -LEADER | |
|---|---|
| fixed length control field | 01285nac a22002651u 4500 |
| 008 - FIXED-LENGTH DATA ELEMENTS--GENERAL INFORMATION | |
| fixed length control field | 080806t xxu||||| |||| 00| 0 eng d |
| 010 ## - LIBRARY OF CONGRESS CONTROL NUMBER | |
| LC control number | 2003049849 |
| 020 ## - INTERNATIONAL STANDARD BOOK NUMBER | |
| International Standard Book Number | 0130478229 |
| 082 00 - DEWEY DECIMAL CLASSIFICATION NUMBER | |
| Classification number | 624.0151972 |
| Item number | REV |
| 100 ## - MAIN ENTRY--PERSONAL NAME | |
| Personal name | ReVelle, Charles. |
| 9 (RLIN) | 17998 |
| 245 10 - TITLE STATEMENT | |
| Title | Civil and Environmental Systems Engineering / |
| Statement of responsibility, etc | Charles S. ReVelle, E. Earl Whitlatch, Jr., Jeff R. Wright. |
| 250 ## - EDITION STATEMENT | |
| Edition statement | 2nd ed. |
| 260 ## - PUBLICATION, DISTRIBUTION, ETC. (IMPRINT) | |
| Place of publication, distribution, etc | Upper Saddle River, NJ : |
| Name of publisher, distributor, etc | Pearson Education, |
| Date of publication, distribution, etc | 2003. |
| 300 ## - PHYSICAL DESCRIPTION | |
| Extent | xxiii, 552 p. : |
| Other physical details | ill. ; |
| Dimensions | 24 cm. |
| 490 ## - Series Statement | |
| -- | 17949 |
| Series statement | Prentice Hall International Series in Civil Engineeering and Engineering Mechanics |
| 504 ## - BIBLIOGRAPHY, ETC. NOTE | |
| Bibliography, etc | Includes bibliographical references and index. |
| 650 #0 - SUBJECT ADDED ENTRY--TOPICAL TERM | |
| Topical term or geographic name as entry element | Civil engineering |
| General subdivision | Linear programming. |
| 9 (RLIN) | 17999 |
| 650 #0 - SUBJECT ADDED ENTRY--TOPICAL TERM | |
| Topical term or geographic name as entry element | Environmental engineering |
| General subdivision | Linear programming. |
| 9 (RLIN) | 18000 |
| 650 #0 - SUBJECT ADDED ENTRY--TOPICAL TERM | |
| Topical term or geographic name as entry element | Engineering economy |
| General subdivision | Linear programming. |
| 9 (RLIN) | 18001 |
| 650 #0 - SUBJECT ADDED ENTRY--TOPICAL TERM | |
| Topical term or geographic name as entry element | System analysis |
| General subdivision | Data processing. |
| 9 (RLIN) | 18002 |
| 700 1# - ADDED ENTRY--PERSONAL NAME | |
| Personal name | Whitlatch, Elbert E. |
| Fuller form of name | (Elbert Earl), |
| Dates associated with a name | 1942- |
| 9 (RLIN) | 18003 |
| 700 1# - ADDED ENTRY--PERSONAL NAME | |
| Personal name | Wright, J. R. |
| Fuller form of name | (Jeff R.) |
| 9 (RLIN) | 18004 |
| 942 ## - ADDED ENTRY ELEMENTS (KOHA) | |
| Item type | Book - Borrowing |
| Call number prefix | 624.0151972REV |
| Source of classification or shelving scheme | Dewey Decimal Classification |
| Withdrawn status | Item status | Source of classification or shelving scheme | Damaged status | Not for loan | Vendor | Home library | Current library | Shelving location | Date acquired | Source of acquisition | Total Checkouts | Full call number | Barcode | Date last seen | Date last borrowed | Cost, replacement price | Koha item type |
|---|---|---|---|---|---|---|---|---|---|---|---|---|---|---|---|---|---|
| Dewey Decimal Classification | Central Library | Central Library | First floor | 05/09/2010 | 2 | 624.0151972 REV | 000002202 | 15/07/2025 | 10/08/2008 | 2015.00 | Book - Borrowing |